00705nam a2200205 a 4500001001000000005001700010008004100027020001500068040001300083050002400096245009400120260002500214300001900239440002400258500008100282504003200363650003400395650003700429700003300466BRCA_196220190320203622.0910415s1986 mx-h---##b---f001-0#spa-d a9686038531 aDLCcDLC 4aN6547.M4b.C38 198610aCatálogo de artistas y artesanos de MéxicocGlorinela González Franco ... [et al.]. aMéxicobINAHc1986 a292 p.c26 cm. 0aColección Fuentes aIncluye índice por oficios, índice geográfico e índice cronológico aBibliografía: p. 127-12914aArtistasvRegistroszMéxico14aArtistasvAutógrafoszMéxico1 aGonzález Franco, Glorinela